| 000 | 00713nam a2200205 a 4500 | ||
|---|---|---|---|
| 003 | 0 | ||
| 005 | 20250319142240.0 | ||
| 008 | 080916s19uu xx 00 eng d | ||
| 050 |
_aPHS BF 723.P25 _b.L175 2008 |
||
| 100 | _aLagman, Thea Ysabelle O. | ||
| 245 |
_aParent-child relationship and birth order / _cThea Ysabelle O. Lagman. |
||
| 260 |
_aLas PiƱas City, Philippines : _bSouthville International School and Colleges, _c2008. |
||
| 300 |
_a31 pages : _billustrations ; _c28 cm. |
||
| 504 | _aIncludes bibliographical references. | ||
| 650 | _aParent and child. | ||
| 650 | _aBirth order. | ||
| 650 |
_aParenting _xPsychological aspects. |
||
| 650 |
_aFamily _xPsychological aspects. |
||
| 942 |
_2lcc _cPASS |
||
| 999 |
_c98049 _d98049 |
||